000 00435nam a2200181Ia 4500
003 GCL
008 140319s9999 xx 000 0 eng d
040 _aGCL /
_cGCL
082 0 4 _aP
_b360
_bF P
100 1 _aFAO
245 1 0 _aPLANNING FOR EFFECTIVE TRANING /
_cFAO
260 _a[S.N] :
_bFAO FOOD AND AGCULTURE ORGANIZATION
300 _a271
650 0 4 _aFOOD
650 0 4 _aAGRICULTURE
650 0 4 _aTRAINING
942 _2ddc
_cCR
999 _c25805
_d25805